Score 0/15 Timer 02:30
1 Play Today
Question Answer Wrong Answers
Mandela effect was named after Nelson Mandela. He was born in this country. South Africa
96.1%
South Korea
0.3%
South Sudan
1.3%
Until the early 1990s, apartheid was a system of institutionalized racial segregation in this country. South Africa
95.3%
South Korea
0.7%
South Sudan
1.7%
Psy's 'Gangnam Style' was the first YouTube video to reach 1B views, which was named after Gangnam District in this country's capital. South Korea
94.2%
South Africa
2.1%
South Sudan
1.4%
Among the three, this is the only landlocked country. South Sudan
94%
South Africa
1.6%
South Korea
2%
This is the youngest country in the world gaining independence in 2011. South Sudan
93.3%
South Africa
2.1%
South Korea
2.3%
Among the three, this is the only country that hosted both Summer and Winter Olympics. South Korea
92.6%
South Africa
4.9%
South Sudan
0.4%
The civil war in this country started in December 16, 2013 and is currently ongoing. South Sudan
91.7%
South Africa
2.9%
South Korea
3.2%
This is the only country among the three that didn't host the FIFA World Cup. South Sudan
91.5%
South Africa
2.3%
South Korea
4.2%
This country has only one border which was heavily guarded due to its historical conflicts with its neighbor. South Korea
88.6%
South Africa
2%
South Sudan
7.5%
This country has currently three capital cities. South Africa
88%
South Korea
1.8%
South Sudan
8.1%
This is the only country that meets both Atlantic and Indian Ocean. South Africa
87.5%
South Korea
7%
South Sudan
3.1%
This country was part of Joseon Dynasty for over 500 years. South Korea
80.6%
South Africa
5%
South Sudan
12.1%
This country has the most plastic surgery performed per capita. South Korea
80%
South Africa
15.9%
South Sudan
1.8%
Mahatma Gandhi was arrested on January 1908 in this country. South Africa
74.8%
South Korea
10.2%
South Sudan
12.6%
This country banned skin-lightening products in 2019. South Sudan
26.1%
South Africa
40.9%
South Korea
30.8%

Today's Daily Dose

You're not logged in!

Compare scores with friends on all Sporcle quizzes.
OR
Log In

Sporcle TV

Today on Sporcle TV


Watch our educational content, quiz creation guides, and fun videos on Sporcle TV.

Show Comments

Extras

Top Quizzes Today


Score Distribution

Paid Content

Your Account Isn't Verified!

In order to create a playlist on Sporcle, you need to verify the email address you used during registration. Go to your Sporcle Settings to finish the process.

Report this User

Report this user for behavior that violates our Community Guidelines.

Details: